000
00256nam a2200097Ia 4500
001
1095135
005
20250827003009.0
008
250824s9999 xx 000 0 und d
245
0
_a
KARDEŞİMİN HİKAYESİ
_c
ZÜLFÜ LİVANELİ
260
_b
DOĞAN YAYINCILIK
999
_c
1095135
_d
1095135